Let's talk business : a speech comunication text

Bibliographic Details
Main Author: Miculka, Jean H
Format: Book
Published: Ohio : South-Western Publishing , 1993
Edition:4th ed
Subjects:

MARC

LEADER 00000cam a2200000 7i4500
001 0000009900
002 000010782
005 20000330.0
020 |a 0538705752 
090 0 0 |a 658.452   |b MIC 
100 1 |a Miculka, Jean H 
245 1 0 |a Let's talk business :   |b a speech comunication text   |c Jean H. Miculka 
250 |a 4th ed 
260 |a Ohio :   |b South-Western Publishing ,   |c 1993 
300 |a 388 p. ;   |c 27 cm. 
650 0 0 |a Business communication 
650 0 0 |a Oral communication 
999 |a 026459   |b BUKU   |c PINJAMAN   |e PERPUSTAKAAN KOMUNITI PETALING JAYA 
999 |a 026460   |b BUKU   |c PINJAMAN   |e PERPUSTAKAAN KOMUNITI PETALING JAYA